000 00877nmm a2200265 a 4500
001 ocm0001864719
003 TR-IsHL
005 20201028171838.0
008 180413s2017 tu spa
007 cr cn
020 _a9786059496070
035 _a1864719
_b(N$T)
050 0 4 _aPQ6529.I8
_bF3 2017
090 0 4 _aPQ6529.I8
_bF3 2017
100 1 _aIriarte, Tomás de
245 1 0 _aFábulas literarias
_h[electronic resource] /
_cTomás de Iriarte
260 _aİstanbul :
_be-Kitap Projesi & Cheapest Books,
_c2017
300 _a198 p.
650 4 _aDil ve Edebiyat
650 4 _aLanguage and Literature
650 0 _aİspanyol edebiyatı
650 0 _aSpanish literature
650 7 _aLITERARY COLLECTIONS / European / Spanish & Portuguese
_2bisacsh
856 4 0 _uhttp://search.ebscohost.com/login.aspx?direct=true&scope=site&db=e011xww&AN=1864719
999 _c16907
_d16907